विश्व व्यापिनी भोजपुरी / (Record no. 118560)
[ view plain ]
| 000 -LEADER | |
|---|---|
| fixed length control field | 01086nam a22002417a 4500 |
| 005 - DATE AND TIME OF LATEST TRANSACTION | |
| control field | 20170124103116.0 |
| 010 ## - LIBRARY OF CONGRESS CONTROL NUMBER | |
| LC control number | B-180785 |
| 020 ## - INTERNATIONAL STANDARD BOOK NUMBER | |
| Terms of availability | 250.00 |
| International Standard Book Number | 8177410571 |
| 035 ## - SYSTEM CONTROL NUMBER | |
| System control number | B-180785 |
| 037 ## - SOURCE OF ACQUISITION | |
| Source of stock number/acquisition | Cen Lib/Ret |
| 040 ## - CATALOGING SOURCE | |
| Original cataloging agency | DPL |
| Language of cataloging | HN |
| 082 ## - DEWEY DECIMAL CLASSIFICATION NUMBER | |
| Classification number | 420 |
| Item number | विश्वव्या |
| 245 ## - TITLE STATEMENT | |
| Title | विश्व व्यापिनी भोजपुरी / |
| Statement of responsibility, etc | संपादक राजेश्वरी शांडिल्य |
| 246 ## - VARYING FORM OF TITLE | |
| Title proper/short title | Vishv vyapak bhojapuri / |
| Remainder of title | sampadak rajeshwari Shandilya |
| 260 ## - PUBLICATION, DISTRIBUTION, ETC. (IMPRINT) | |
| Place of publication, distribution, etc | वाराणसी |
| Name of publisher, distributor, etc | संजय बुक सेंटर |
| Date of publication, distribution, etc | 2004 |
| 270 ## - ADDRESS | |
| City | वाराणसी |
| Address | के.36/8 गोलघर |
| Postal code | 221001 |
| 300 ## - PHYSICAL DESCRIPTION | |
| Extent | xi,271पृ. |
| Dimensions | 19सेमी(सजिल्द ) |
| 500 ## - GENERAL NOTE | |
| General note | सन्दर्भ सूची शामिल |
| 650 ## - SUBJECT ADDED ENTRY--TOPICAL TERM | |
| Topical term or geographic name as entry element | भोजपुरी भाषाशास्त्र |
| General subdivision | |
| Geographic subdivision | |
| 9 (RLIN) | 80855 |
| 650 ## - SUBJECT ADDED ENTRY--TOPICAL TERM | |
| Topical term or geographic name as entry element | Bhojpuri philology |
| 9 (RLIN) | 80856 |
| 700 ## - ADDED ENTRY--PERSONAL NAME | |
| Personal name | शांडिल्य, राजेश्वरी |
| 9 (RLIN) | 43407 |
| 942 ## - ADDED ENTRY ELEMENTS (KOHA) | |
| Source of classification or shelving scheme | Dewey Decimal Classification |
| Koha item type | Hindi Books |
| Classification part | 420 |
| Call number suffix | विश्वव्या |
| Withdrawn status | Lost status | Damaged status | Not for loan | Home library | Current library | Date acquired | Source of acquisition | Cost, normal purchase price | Total Checkouts | Full call number | Barcode | Date last seen | Date checked out | Copy number | Cost, replacement price | Price effective from | Koha item type |
|---|---|---|---|---|---|---|---|---|---|---|---|---|---|---|---|---|---|
| Central Library | Central Library | 11/09/2015 | Cen Lib/Ref | 250.00 | 1 | 420 विश्वव्या | B-180785 | 24/09/2018 | 20/08/2018 | 1 | 250.00 | 11/09/2015 | Hindi Books |
